Ranking de empresas 2006

Gardado en:
Detalles Bibliográficos
Formato: Libro
Idioma:Lingua castelá
Publicado: Santiago Gestión 2006
Edición:1a. ed
Series:Colección Estrategia
Subjects:
Tags: Engadir etiqueta
Sen Etiquetas, Sexa o primeiro en etiquetar este rexistro!

MARC

LEADER 00000nam a2200000 a 4500
001 UCJ1319
003 CL-VaPUC
008 061013e20060000CL |||||||||||||||||spa|d
020 |a 9562710513 
082 0 4 |a 658  |b RAN  |2 21 
245 1 0 |a Ranking de empresas 2006 
250 |a 1a. ed 
300 |a 130 p 
942 |c BK 
945 |d 20061013 00:00:00  |a cmena 
260 |a Santiago  |b Gestión  |c 2006 
650 0 |a Empresas   |9 255569 
650 0 |a Sociedades anónimas  |9 255387 
650 0 |a Sistema financiero  |9 337931 
650 0 |a Mercado bursátil   |9 375594 
583 |a last modification  |c 20061013 00:00:00  |k Rodrigo Vera 
490 0 |a Colección Estrategia 
999 |c 317940  |d 317938 
952 |0 0  |1 0  |4 0  |6 658_000000000000000_RAN_2006  |7 0  |8 F  |9 395056  |a BIBENE  |b BIBENE  |d 2019-11-22  |i 4286928  |o 658 RAN 2006  |p 4286928  |r 2025-01-15  |w 2019-11-22  |y BK_F  |k ICO